000 00561nam a2200193Ia 4500
003 GCL
008 140319s9999 xx 000 0 ara d
040 _aGCL /
_cGCL
082 0 4 _a398.2
_bم ا
100 1 _aمحمود ذهنى
245 1 0 _aالادب الشعبى العربى مفهومه ومضمونه /
_cمحمود ذهنى
260 _a[S.N] :
_bمكتبة الانجلوالمصرية
300 _a222 ص
490 _a
650 0 4 _aالادب الشعبى
650 0 4 _aالاساطير
650 0 4 _aتاريخ ونقد
942 _2ddc
_cBK
999 _c32049
_d32049